| 000 | 00650cam a2200181ua 4500 | ||
|---|---|---|---|
| 020 | _c.50 | ||
| 041 |
_aeng _h |
||
| 082 |
_a333.8232 _b /OI |
||
| 110 | 1 |
_aPublication division . _b _c() |
|
| 245 | _aOil in India | ||
| 260 |
_aIndia : _bPublication Division, Govt. of India , _c1885. |
||
| 300 | _a12 ; . | ||
| 365 | _a.50 | ||
| 504 | _a | ||
| 942 | _cBK | ||
| 999 |
_c12641 _d12641 |
||